• 首页
  • 本馆介绍
  • 公告通知
  • 最新文献
  • 馆藏检索
  • 电子资源
  • 读者导购
  • 参考咨询
  • 我的图书馆
  • 登录
  • 详细信息显示
  • 放入我的书架
  • 预约/预借图书
  • 作者相关作品
  • 分类相关作品
  • 丛书相关作品
  • 出版社相关作品

书目信息

  • 表格格式
  • 工作单格式
  • 卡片格式
题名:
实用乳品加工技术
    
 
作者: 骆承庠 编
分册:  
出版信息: 北京   农业出版社  1989
页数: 182页
开本: 19cm
丛书名:
单 册:
中图分类: TS252.4
科图分类:
主题词: 乳制品--食品加工
电子资源:
ISBN: 7-109-01331-6
000 00642nam0 2200229 450
001 0100263212
005 20020928000000.0
010    @a7-109-01331-6@dCNY2.45
011    @a7-109-01331-6
100    @a19981005d1989 em y0chiy0110 ea
101 0  @achi
102    @aCN@b110000
105    @ay z 000yy
106    @ar
200 1  @a实用乳品加工技术@9Shi Yong Ru Pin Jia Gong Ji Shu;Zhu @f骆承庠等编@b专著
210    @a北京@c农业出版社@d1989
215    @a182页@d19cm
606 0  @a乳制品@x食品加工
690    @aTS252.4@v3
701  0 @a骆承庠@f(1924~)@9luo cheng xiang@4编
801  0 @aCN@bAiZhiMarc
905    @aBZT@dTS252.4@e95@f8@sTS252.4/95
    
    实用乳品加工技术/骆承庠等编.-北京:农业出版社,1989
    182页;19cm
    
    
    ISBN 7-109-01331-6:CNY2.45
    
●
相关链接 在五车中查询图书 在当当中查询图书 在豆瓣中查询图书


正题名:实用乳品加工技术     索取号:TS252.4/95         预约/预借

序号 登录号 条形码 馆藏地/架位号 状态 备注
1 2000109202   2000109202   旧书回溯/ [索取号:TS252.4/95] 在馆    
2 2000109203   2000109203   旧书回溯/ [索取号:TS252.4/95] 在馆    
3 2000109204   2000109204   旧书回溯/ [索取号:TS252.4/95] 在馆    
4 2000109205   2000109205   旧书回溯/ [索取号:TS252.4/95] 在馆    
5 2000109206   2000109206   旧书回溯/ [索取号:TS252.4/95] 在馆    
6 2000109207   2000109207   旧书回溯/ [索取号:TS252.4/95] 在馆    
7 2000109208   2000109208   旧书回溯/ [索取号:TS252.4/95] 在馆    
8 2000109209   2000109209   旧书回溯/ [索取号:TS252.4/95] 在馆    
山东省滨州职业学院图书馆 欢迎您!
大连网信软件有限公司© 版权所有